000 00479cam a2200181 4500
001 D7596
008 090401t1983 xxu||||| |||| 00| 0 eng d
035 _a(Sirsi) u8305
041 _aeng
050 _a693.97
110 _aNorthern Consortium of Housing Authorities Working Party
_91229
245 _aAirey houses in Northern England
260 _aChester-le-Street, Co Durham
_bNCHA
_c1983
300 _ac34p. ill. 30cm
350 _a5
942 _n0
948 _c04/03/1997
999 _c86502
_d86502